[Event "ICS rated blitz match"]
[Site "204.178.125.65"]
[Date "1999.11.16"]
[Round "?"]
[White "MissSilicon"]
[Black "Hossa"]
[Result "1/2-1/2"]
[WhiteElo "2680"]
[BlackElo "2317"]
[Annotator "Steffen A. Jakob"]
[PlyCount "23"]
[EventDate "1999.??.??"]

1. e4 e5 2. f4 d5 3. Nf3 exf4 4. exd5 Qxd5 5. Nc3 ({RR} 5. d4 5... Nf6 6. Be2
Be7 7. Bxf4 c6 8. O-O O-O 9. c4 Qd8 10. Nc3 Bg4 11. d5 cxd5 12. cxd5 Bd6 13.
Bg5 Nbd7 14. Kh1 Qb6 15. Na4 Qa5 16. a3 Rac8 17. Nc3 a6 18. Qd2 Rfe8 19. Bd3
19... h6 {Shulman,Y-Kula,R/Katowice op 1995/EXP 47/1-0 (36)}) 5... Qa5 $146 ({
RR} 5... Qd8 6. Bc4 Bd6 ({RR} 6... Qe7+ 7. Ne2 Bg4 8. d3 Bxf3 9. gxf3 Qh4+ 10.
Kd2 Nc6 11. Qg1 O-O-O 12. Bxf7 b6 13. Qg4+ Qxg4 14. fxg4 g5 15. h4 f3 16. Ng3
gxh4 17. Rxh4 Be7 18. Rh1 Nf6 19. Be6+ Kb8 20. g5 Nd5 21. g6 {
Solomon,L-Raddatz,W/Bargteheide op 1989/TD 89\05/1/2-1/2 (41)}) 7. O-O Nf6 ({RR
} 7... Bg4 8. d4 h6 9. Qe1+ Ne7 10. Ne5 Bh5 11. Bxf4 f6 12. Qh4 fxe5 13. Bxe5
Bg6 14. Bxg7 Kd7 15. Qg4+ Kc6 16. d5+ Kb6 17. Qd4+ Ka5 18. Bxh8 Nd7 19. b4+
Bxb4 20. Qg4 Qxh8 21. Qxd7 Qd4+ 22. Kh1 Qxc4 23. Qa4+ Kb6 24. Rab1 a5 25. a3
Qxc3 26. axb4 Bxc2 27. bxa5+ Ka7 28. Qb4 Qxb4 29. Rxb4 Nxd5 30. Rh4 Rh8 31. Rc1
Bg6 32. Rg4 Be8 33. Rd4 Bc6 34. Kg1 Ka6 35. Rc5 Ne3 36. Kf2 Nxg2 37. Rxc6+ bxc6
38. Kxg2 Kxa5 39. Kf3 Re8 40. Kg4 Re6 41. Kf5 Rd6 42. Rg4 {
Jorgensen,S-Lindholt,M/Copenhagen PC 1996/EXP 54/0-1 (64)}) 8. Re1+ Be7 9. d4
O-O 10. Bxf4 Bg4 11. Kh1 c6 12. Be3 Nbd7 13. Be2 Nb6 14. Bg1 Nfd5 15. Ne5 Bxe2
16. Nxe2 Bg5 17. Qd3 f5 18. c4 Nc7 19. Rf1 g6 20. Rad1 {
Tagnon,N-Dezan,P/Paris-ch 1993/TD 93\04/1-0 (55)}) ({RR} 5... Qh5 6. d4 g5 7.
Bc4 Bd6 8. Ne5 Qxd1+ 9. Kxd1 Bxe5 10. dxe5 Bg4+ 11. Ke1 Nd7 12. h4 Nxe5 13. Bb3
f6 14. hxg5 fxg5 15. Ne4 O-O-O 16. Bd2 f3 17. Bxg5 fxg2 18. Rg1 Nf3+ 19. Kf2
Nxg1 20. Kxg1 Rd1+ 21. Rxd1 Bxd1 22. Kxg2 h5 23. Nf2 Be2 24. Nh3 Bg4 25. Nf4
Nh6 26. Ng6 Rh7 27. Nf8 Rh8 28. Ng6 Rh7 29. Nf8 {
1/2-1/2 Smith,V-Landry Vuorenpaa,S/Dubai olw 1986/TD 86\02 (29)}) 6. Qe2+ Ne7
7. d4 Qf5 8. Nh4 Qf6 9. Nf3 Qf5 10. Nh4 Qf6 11. Nf3 Qf5 12. Nh4 {
Game drawn by repetition} 1/2-1/2

[Event "ICS rated blitz match"]
[Site "204.178.125.65"]
[Date "1999.11.16"]
[Round "?"]
[White "Hossa"]
[Black "MissSilicon"]
[Result "1/2-1/2"]
[WhiteElo "2341"]
[BlackElo "2668"]
[PlyCount "167"]
[EventDate "1999.??.??"]

1. e4 c5 2. Nf3 e6 3. d4 cxd4 4. Nxd4 Nc6 5. Nc3 a6 6. Be2 Qc7 7. Be3 b5 8. O-O
Nf6 9. a3 Nxd4 10. Qxd4 Bd6 11. f4 e5 12. Qb6 exf4 13. Qxc7 Bxc7 14. Bd4 O-O
15. Bxf6 gxf6 16. Nd5 Be5 17. c3 Bb7 18. Bg4 Bxd5 19. exd5 d6 20. Rae1 Ra7 21.
Bf5 Rc7 22. Rf3 Kg7 23. Rh3 h6 24. Re4 Rc4 25. Re2 Re8 26. Kf2 Re7 27. Rd3 a5
28. Kf3 h5 29. Kf2 b4 30. cxb4 axb4 31. Kf3 bxa3 32. bxa3 Rc1 33. Kf2 Rh1 34.
a4 Kh6 35. Ra2 Kg5 36. Bh7 Rxh2 37. a5 Rh1 38. Be4 Ra1 39. Rxa1 Bxa1 40. Bf3
Re3 41. Be2 Re4 42. Ra3 Bd4+ 43. Kf1 Bc5 44. Ra2 f5 45. a6 Ba7 46. Ra1 h4 47.
Bb5 Rd4 48. Be2 Rxd5 49. Rd1 Rxd1+ 50. Bxd1 f6 51. Bf3 Kg6 52. Ke2 Bc5 53. Kd3
Kf7 54. Kc4 Ke6 55. Kb5 Kd7 56. Bc6+ Kc7 57. Bb7 Be3 58. Bf3 Bg1 59. Bd5 Bf2
60. Ka5 Bb6+ 61. Kb5 Be3 62. Bf3 Bf2 63. Bd5 Bd4 64. Kc4 Bc5 65. Kb5 Ba7 66.
Bf3 Bd4 67. Bd5 Kd7 68. Bf3 Ba7 69. Bd5 Be3 70. Kc4 Bc5 71. Kb5 Bf2 72. Kc4 Bb6
73. Kb4 Bd4 74. Kc4 Bg1 75. Kb4 f3 76. Bxf3 f4 77. Bd5 f5 78. Kb5 Be3 79. Kc4
Kc7 80. Kb5 Bd4 81. Bc6 Bc5 82. Bf3 Kd7 83. Bd5 Bf2 84. Bc6+ {
Game drawn by mutual agreement} 1/2-1/2

[Event "ICS Rated blitz match"]
[Site "204.178.125.65"]
[Date "1999.11.16"]
[Round "?"]
[White "MissSilicon"]
[Black "Hossa"]
[Result "1-0"]
[WhiteElo "2656"]
[BlackElo "2353"]
[PlyCount "133"]
[EventDate "1999.??.??"]

1. e4 e5 2. Nf3 Nc6 3. Bc4 Nf6 4. Ng5 d5 5. exd5 Na5 6. Bb5+ c6 7. dxc6 bxc6 8.
Qf3 Bd7 9. Bd3 Bd6 10. O-O Bg4 11. Qg3 Bh5 12. Qh4 g6 13. b4 Nb7 14. Bc4 Nd5
15. f4 Be7 16. Qe1 O-O 17. Bb2 Qb6+ 18. Kh1 Qxb4 19. Bb3 exf4 20. Ne6 fxe6 21.
Qxe6+ Rf7 22. Qxc6 Rd8 23. Bc3 Na5 24. Bxd5 Nxc6 25. Bxf7+ Kxf7 26. Bxb4 Nxb4
27. Rxf4+ Kg8 28. Na3 Rxd2 29. Re4 Bf6 30. Rae1 Nxc2 31. Nxc2 Rxc2 32. g4 Bxg4
33. Rxg4 Rxa2 34. Rf4 Kg7 35. Re6 Bg5 36. Rc4 a5 37. h4 Kf7 38. Re1 Bd2 39.
Rc7+ Kf6 40. Rf1+ Ke5 41. Re7+ Kd4 42. Rxh7 Be3 43. Re7 Bf2 44. Rd1+ Kc5 45.
Re5+ Kb6 46. Re4 Kc5 47. Rg4 Be3 48. Re1 Bf2 49. Re5+ Kd6 50. Reg5 a4 51. Rxg6+
Kc5 52. h5 Bd4 53. Rxd4 Kxd4 54. h6 Ra3 55. Kh2 Rb3 56. h7 Rb8 57. Rg8 Rb2+ 58.
Kg3 Kc5 59. h8=Q Rb3+ 60. Kf2 Kc4 61. Rc8+ Kb5 62. Qe8+ Ka5 63. Qd8+ Rb6 64.
Rc6 Kb4 65. Qxb6+ Ka3 66. Rc4 Ka2 67. Rxa4# {Hossa checkmated} 1-0

[Event "ICS rated standard match"]
[Site "204.178.125.65"]
[Date "1999.11.16"]
[Round "?"]
[White "Moron"]
[Black "Hossa"]
[Result "1-0"]
[WhiteElo "2529"]
[BlackElo "2291"]
[PlyCount "117"]
[EventDate "1999.??.??"]

1. d4 Nf6 2. c4 e6 3. Nf3 b6 4. g3 Bb7 5. Bg2 Be7 6. O-O c5 7. Nc3 cxd4 8. Qxd4
Nc6 9. Qf4 O-O 10. Rd1 Rc8 11. b3 d5 12. Bb2 Nh5 13. Qc1 Na5 14. cxd5 exd5 15.
Qe3 Re8 16. Qd3 Bb4 17. e3 Nf6 18. Rac1 Qd7 19. Ng5 Rc5 20. Ne2 Qb5 21. Qxb5
Rxb5 22. Bxf6 gxf6 23. Nh3 Ba3 24. Rb1 Bb4 25. Nhf4 Rc5 26. Nd3 Nc6 27. Nxc5
Bxc5 28. Bxd5 a5 29. Nc3 Bb4 30. Rbc1 Ba3 31. Ne4 Rc8 32. Rc4 Kg7 33. Nd6 Bxd6
34. Bxc6 Rxc6 35. Rxc6 Bxc6 36. Rxd6 Be4 37. Rxb6 Bb1 38. a4 Be4 39. Rb5 Bc2
40. Kf1 h5 41. Ke1 Kh6 42. Kd2 Be4 43. Rxa5 f5 44. Re5 Kg5 45. Rxe4 fxe4 46. b4
Kg4 47. a5 Kh3 48. a6 Kxh2 49. b5 Kh3 50. a7 Kg4 51. a8=Q Kf3 52. Qf8 f6 53.
Qxf6+ Kg2 54. Ke1 Kg1 55. Qh4 Kg2 56. g4 Kg1 57. Qg3+ Kh1 58. Kf1 hxg4 59. Qg2#
{Hossa checkmated} 1-0

[Event "ICS rated bullet match"]
[Site "204.178.125.65"]
[Date "1999.11.16"]
[Round "?"]
[White "JSBach"]
[Black "Hossa"]
[Result "0-1"]
[WhiteElo "1938"]
[BlackElo "2490"]
[PlyCount "92"]
[EventDate "1999.??.??"]

1. d4 Nf6 2. Bf4 g6 3. Nc3 d5 4. Nb5 Na6 5. e3 c6 6. Nc3 Bg7 7. Bxa6 bxa6 8.
Nf3 O-O 9. O-O Bf5 10. Nh4 Bg4 11. f3 Bc8 12. e4 a5 13. e5 Nd7 14. Qd2 Ba6 15.
Rfd1 e6 16. Bg5 Qb6 17. Be7 Rfe8 18. Ba3 Nxe5 19. Na4 Qb5 20. Nc3 Qb6 21. Na4
Qd8 22. dxe5 Qxh4 23. Nc5 Bc4 24. Re1 Bh6 25. Qxa5 Bf4 26. g3 Bxg3 27. hxg3
Qxg3+ 28. Kh1 Qxf3+ 29. Kg1 Qg3+ 30. Kh1 d4 31. Ne4 Bd5 32. Qd2 Qh4+ 33. Kg1
Bxe4 34. Red1 Rad8 35. Bd6 Bf3 36. Qd3 Bxd1 37. Rxd1 f6 38. Qxd4 Qg3+ 39. Kf1
fxe5 40. Qc5 Rf8+ 41. Ke2 Qg2+ 42. Kd3 Rf3+ 43. Kc4 Qxc2+ 44. Kb4 Qxb2+ 45. Ka5
Ra3+ 46. Qxa3 46... Qb5# {JSBach checkmated} 0-1

[Event "ICS rated blitz match"]
[Site "204.178.125.65"]
[Date "1999.11.16"]
[Round "?"]
[White "Hossa"]
[Black "Zippy"]
[Result "0-1"]
[WhiteElo "2348"]
[BlackElo "2211"]
[PlyCount "76"]
[EventDate "1999.??.??"]

1. e4 c5 2. Nf3 Nc6 3. d4 cxd4 4. Nxd4 g6 5. Nc3 Bg7 6. Be3 Nf6 7. Bc4 O-O 8.
Bb3 d6 9. O-O Ng4 10. Nxc6 bxc6 11. Bg5 Rb8 12. Qd2 Be5 13. f4 Bxc3 14. bxc3
Ba6 15. Rfb1 Qd7 16. Qe1 Kh8 17. f5 gxf5 18. h3 Rg8 19. hxg4 Rxg5 20. exf5 Rf8
21. Qe4 d5 22. Qd4+ f6 23. Kf2 e5 24. fxe6 Qxe6 25. Qxa7 Qe2+ 26. Kg1 Qxg4 27.
Qf2 Rf5 28. Qd2 Be2 29. Qd4 Qg3 30. Bxd5 cxd5 31. Re1 Re8 32. c4 Re4 33. cxd5
Rxd4 34. Rxe2 Rh4 35. Re8+ Kg7 36. Re7+ Kg6 37. Rg7+ Kxg7 38. Rd1 38... Qe3# {
Hossa checkmated} 0-1

[Event "ICS rated blitz match"]
[Site "204.178.125.65"]
[Date "1999.11.16"]
[Round "?"]
[White "PackMaster"]
[Black "Hossa"]
[Result "1-0"]
[WhiteElo "2581"]
[BlackElo "2340"]
[PlyCount "139"]
[EventDate "1999.??.??"]

1. d4 Nf6 2. c4 e6 3. Nc3 d5 4. Bg5 Bb4 5. e3 Bxc3+ 6. bxc3 O-O 7. Nf3 Nbd7 8.
cxd5 exd5 9. Bd3 Nb6 10. Qc2 h6 11. Bh4 c5 12. dxc5 Nbd7 13. c6 bxc6 14. O-O g5
15. Bg3 Nc5 16. Nd4 Nxd3 17. Qxd3 Bd7 18. c4 Re8 19. cxd5 cxd5 20. Rac1 Qa5 21.
Qc2 Rac8 22. Bc7 Qa3 23. Rb1 Ne4 24. Qc1 Qd3 25. Rb7 Qa6 26. Rb2 Qa3 27. Rc2
Qxc1 28. Rfxc1 f5 29. Rb2 a5 30. Rb6 Kg7 31. a4 Ra8 32. Rb7 Kg6 33. Rb6+ Kg7
34. g3 h5 35. Rb7 Kg6 36. Rb6+ Kf7 37. f4 Bxa4 38. Nxf5 g4 39. Rh6 Rec8 40. Ra1
Be8 41. Be5 a4 42. Rb1 Bc6 43. Nd4 Bd7 44. Rxh5 Kg6 45. Rh4 Ra6 46. Kg2 Rg8 47.
Rb7 Rd8 48. f5+ Kg5 49. Bf4+ Kf6 50. Rxd7 Rxd7 51. Rh6+ Kf7 52. Rxa6 Re7 53.
Nc6 Re8 54. Ne5+ Kf8 55. Nxg4 Rc8 56. Rxa4 Rc2+ 57. Kh3 Rb2 58. Ra8+ Kf7 59.
Ra7+ Kg8 60. f6 Rb6 61. Nh6+ Kh8 62. f7 Rf6 63. f8=Q+ Rxf8 64. Be5+ Nf6 65. Ng4
Kg8 66. Bxf6 Rc8 67. Bb2 Rc7 68. Rxc7 Kf8 69. Nf6 d4 70. Ba3# {Hossa checkmated
} 1-0

[Event "ICS rated standard match"]
[Site "204.178.125.65"]
[Date "1999.11.16"]
[Round "?"]
[White "Moron"]
[Black "Hossa"]
[Result "1-0"]
[WhiteElo "2531"]
[BlackElo "2276"]
[PlyCount "119"]
[EventDate "1999.??.??"]

1. Nf3 Nf6 2. g3 g6 3. Bg2 Bg7 4. O-O O-O 5. c4 d6 6. d4 Nbd7 7. Nc3 c5 8. d5
Nb6 9. Nd2 Bd7 10. a4 a5 11. Qb3 e6 12. dxe6 fxe6 13. Nde4 Nxe4 14. Nxe4 Qc7
15. Bf4 e5 16. Be3 Be6 17. Rac1 Rad8 18. Bg5 Rde8 19. Rfd1 Nc8 20. Qd3 Qb6 21.
Rd2 Qb4 22. b3 Bf5 23. Qc2 Re6 24. Rcd1 Qb6 25. Rd3 Qb4 26. h4 Qb6 27. Qd2 Kh8
28. Qb2 Qc7 29. Qc3 Bg4 30. Qd2 b6 31. Nxd6 Nxd6 32. Rxd6 Rxd6 33. Qxd6 Qxd6
34. Rxd6 Bxe2 35. Rxb6 h6 36. Be7 Rc8 37. Rxg6 Rb8 38. Ra6 Bd1 39. Rxa5 Bxb3
40. Rb5 Rxb5 41. cxb5 e4 42. a5 Bd4 43. Bxe4 c4 44. b6 c3 45. b7 Ba7 46. Bc5
Bb8 47. a6 c2 48. Bxc2 Bd5 49. Bd4+ Kg8 50. Bb3 Bxb3 51. a7 Bxa7 52. Bxa7 Kf7
53. b8=Q Bd5 54. Qd6 Be6 55. Bc5 Bg4 56. Qe7+ Kg6 57. Bd4 Bc8 58. Qe8+ Kf5 59.
f3 h5 60. Qf7# {Hossa checkmated} 1-0

[Event "ICS rated blitz match"]
[Site "204.178.125.65"]
[Date "1999.11.16"]
[Round "?"]
[White "Hossa"]
[Black "Beadle"]
[Result "1-0"]
[WhiteElo "2328"]
[BlackElo "2462"]
[PlyCount "271"]
[EventDate "1999.??.??"]

1. Nf3 d5 2. g3 Nf6 3. Bg2 c6 4. O-O Bf5 5. d4 e6 6. c4 Nbd7 7. Ne5 Nxe5 8.
dxe5 Nd7 9. cxd5 exd5 10. f4 Bc5+ 11. Kh1 h5 12. h3 Qe7 13. Nc3 Qe6 14. Kh2 Qg6
15. Qe1 d4 16. e4 dxc3 17. exf5 cxb2 18. Bxb2 Qxf5 19. Qe2 O-O-O 20. Kh1 Qg6
21. Qe1 h4 22. g4 Qc2 23. Bc3 Nb6 24. Be4 Qa4 25. e6 f6 26. Bg6 Nd5 27. Bf5 Kb8
28. Bd2 Bd4 29. Rd1 Qxa2 30. Rf3 Ne7 31. Bb1 Qd5 32. Qe2 Rd6 33. f5 Ka8 34. Bf4
Rdd8 35. Bc7 Rc8 36. Be4 Qc5 37. Bh2 Rhd8 38. Rfd3 Qc4 39. Bf3 c5 40. Qe4 Qb4
41. Bf4 Nc6 42. Bd2 Qb2 43. Be1 Ne5 44. R3d2 Qb3 45. Bg2 Nc6 46. Rd3 Qb6 47.
Bxh4 c4 48. R3d2 c3 49. Re2 Be5 50. Rxd8 Rxd8 51. Be1 Qb3 52. h4 Qd1 53. Bf3
Bg3 54. Kg2 Bxe1 55. Rxe1 Qd2+ 56. Re2 Qd4 57. Qb1 Qc5 58. Qe1 c2 59. Qc1 Nd4
60. Rd2 Rc8 61. Rd3 Qc4 62. Ra3 Nxf3 63. Kxf3 Qc6+ 64. Kf2 Qb6+ 65. Kg2 Qb1 66.
Ra1 Qxa1 67. Qxa1 c1=Q 68. Qxc1 Rxc1 69. Kf3 a5 70. g5 Rc3+ 71. Ke4 Rc4+ 72.
Kd5 Rf4 73. e7 Rxf5+ 74. Kd6 Re5 75. gxf6 gxf6 76. h5 b6 77. h6 Ka7 78. Kd7
Rd5+ 79. Ke6 Re5+ 80. Kf7 Rh5 81. e8=Q Rxh6 82. Qb5 f5 83. Qxf5 Ka6 84. Qc8+
Kb5 85. Qd7+ Rc6 86. Qd3+ Kc5 87. Qf5+ Kb4 88. Qb1+ Kc5 89. Qc2+ Kb5 90. Qe2+
Kb4 91. Qe1+ Kb5 92. Qe8 a4 93. Qe2+ Kb4 94. Qb2+ Ka5 95. Qd2+ Ka6 96. Qd7 Rc4
97. Qe6 Rc3 98. Kg6 a3 99. Kf6 Rc2 100. Qe3 a2 101. Qd4 Rf2+ 102. Ke7 Re2+ 103.
Kf7 b5 104. Qd6+ Kb7 105. Qd5+ Kb6 106. Qd1 b4 107. Qd6+ Ka5 108. Qf6 Rf2 109.
Qxf2 b3 110. Qe1+ Kb6 111. Qe3+ Kc6 112. Qc3+ Kd7 113. Qd2+ Kc7 114. Qa5+ Kd6
115. Kf6 Kd7 116. Qa6 Kd8 117. Qa7 Kc8 118. Ke7 a1=R 119. Qxa1 Kb8 120. Kd7 Kb7
121. Qa3 Kb6 122. Qb4+ Ka7 123. Qd4+ Ka6 124. Qc4+ Kb6 125. Kd6 b2 126. Qb4+
Ka7 127. Qd4+ Ka6 128. Qa4+ Kb6 129. Qb3+ Ka5 130. Qc3+ Kb5 131. Qxb2+ Kc4 132.
Qd2 Kb5 133. Qd4 Ka6 134. Qb4 Ka7 135. Kc7 Ka8 136. Qa4# {Beadle checkmated}
1-0

[Event "ICS rated blitz match"]
[Site "204.178.125.65"]
[Date "1999.11.16"]
[Round "?"]
[White "cayest"]
[Black "Hossa"]
[Result "1-0"]
[WhiteElo "2233"]
[BlackElo "2350"]
[PlyCount "123"]
[EventDate "1999.??.??"]

1. Nf3 a5 2. d4 d5 3. c4 dxc4 4. Nc3 c6 5. a4 b6 6. e4 Ba6 7. Ne5 c5 8. d5 Nd7
9. Nc6 Qc7 10. f4 e5 11. Nb5 Bxb5 12. axb5 Ngf6 13. Qf3 exf4 14. Bxf4 Bd6 15.
Bxd6 Qxd6 16. Bxc4 Ne5 17. Qe2 Nxc4 18. Qxc4 Qf4 19. Rf1 Qxh2 20. O-O-O Qxg2
21. e5 Qe4 22. Qc2 Qxc2+ 23. Kxc2 Nd7 24. e6 fxe6 25. dxe6 Nf6 26. e7 Nd7 27.
Rd6 Rg8 28. Rfd1 Nf6 29. Rd8+ Kf7 30. Rxa8 Rxa8 31. Rd8 a4 32. Rxa8 Ne8 33. Rb8
g5 34. Rxb6 h5 35. Ne5+ Kxe7 36. Rh6 Nd6 37. b6 a3 38. bxa3 Nb7 39. Rxh5 Kf6
40. Nd7+ Ke6 41. Rh7 Kd5 42. Nf6+ Kc6 43. Ne4 Kxb6 44. Nxg5 Na5 45. Rh6+ Kb5
46. Ne4 Nc4 47. Nd6+ Nxd6 48. Rxd6 Kc4 49. Rb6 Kd4 50. a4 Kc4 51. a5 Kd4 52. a6
c4 53. a7 Kc5 54. Rb8 Kd4 55. a8=Q Ke5 56. Qa5+ Kf4 57. Re8 Kg4 58. Qe5 c3 59.
Rg8+ Kf3 60. Rg3+ Kf2 61. Qe3+ Kf1 62. Rg1# {Hossa checkmated} 1-0

[Event "ICS rated blitz match"]
[Site "204.178.125.65"]
[Date "1999.11.16"]
[Round "?"]
[White "Hossa"]
[Black "cayest"]
[Result "1-0"]
[WhiteElo "2329"]
[BlackElo "2254"]
[PlyCount "119"]
[EventDate "1999.??.??"]

1. e4 e5 2. Nf3 f5 3. Nxe5 Qf6 4. Nc4 fxe4 5. Nc3 Qg6 6. d3 Bb4 7. a3 Bxc3+ 8.
bxc3 d5 9. Ne5 Qd6 10. d4 Nf6 11. a4 c5 12. Bb5+ Bd7 13. Ba3 b6 14. Nxd7 Nbxd7
15. c4 O-O 16. O-O dxc4 17. Bxc4+ Kh8 18. a5 Rad8 19. axb6 axb6 20. c3 Qf4 21.
Be6 Rde8 22. d5 Ne5 23. Bc1 Qh4 24. g3 Qh5 25. Qxh5 Nxh5 26. Ra7 Nf3+ 27. Kg2
h6 28. Bf7 Re5 29. c4 Nd4 30. Be3 Rf5 31. Bg6 Re5 32. Bf4 Nxf4+ 33. gxf4 Ref5
34. Bxf5 Nxf5 35. Rb1 Nh4+ 36. Kg3 Nf5+ 37. Kh3 Nd4 38. Rxb6 Rxf4 39. Kg3 Rf3+
40. Kg2 e3 41. fxe3 Rxe3 42. Rc7 Re2+ 43. Kg3 Re3+ 44. Kf4 Rf3+ 45. Ke4 Rf2 46.
Rxc5 Nf5 47. Rc8+ Kh7 48. c5 Ne7 49. Re8 Ng6 50. Ke3 Rf5 51. Kd4 Rf4+ 52. Re4
Rf5 53. Rb2 h5 54. Rd2 Rf6 55. c6 Rd6 56. c7 Ra6 57. c8=Q Ra4+ 58. Kd3 Ra3+ 59.
Ke2 Rh3 60. Qxh3 {cayest resigns} 1-0

[Event "ICS rated blitz match"]
[Site "204.178.125.65"]
[Date "1999.11.16"]
[Round "?"]
[White "cayest"]
[Black "Hossa"]
[Result "0-1"]
[WhiteElo "2241"]
[BlackElo "2342"]
[PlyCount "98"]
[EventDate "1999.??.??"]

1. Nf3 d5 2. d4 Nf6 3. c4 e6 4. b3 c5 5. e3 cxd4 6. exd4 Nc6 7. Bd3 dxc4 8.
bxc4 Nxd4 9. Bb2 Bb4+ 10. Nc3 Qa5 11. Rc1 Qxa2 12. Ba1 Nb3 13. O-O Bxc3 14.
Bxc3 Nxc1 15. Qxc1 Rf8 16. Qg5 Qb3 17. Rc1 Rg8 18. Bf1 Ne4 19. Qe3 Nxc3 20.
Rxc3 Qb1 21. Rb3 Qc2 22. Nd4 Qd1 23. c5 Rh8 24. Nb5 Qd7 25. Nd6+ Kf8 26. Bb5
Qc7 27. Be8 f6 28. Rb1 b6 29. Ba4 bxc5 30. Nb5 Qe7 31. Rc1 a6 32. Na3 Kf7 33.
Rxc5 Rd8 34. Rc1 Kg8 35. h3 e5 36. Bb3+ Be6 37. Bxe6+ Qxe6 38. Nb1 a5 39. Qa3
Rd4 40. Rf1 a4 41. Nc3 Qc4 42. Nd1 Qb3 43. Qxb3+ axb3 44. Nb2 Ra2 45. Rb1 Kf7
46. f4 exf4 47. Kf1 Rd2 48. Nd1 Rac2 49. Rxb3 49... Rxd1# {cayest checkmated}
0-1

[Event "ICS rated blitz match"]
[Site "204.178.125.65"]
[Date "1999.11.16"]
[Round "?"]
[White "Hossa"]
[Black "cayest"]
[Result "1-0"]
[WhiteElo "2353"]
[BlackElo "2230"]
[PlyCount "37"]
[EventDate "1999.??.??"]

1. e4 e5 2. Nf3 f5 3. Nxe5 Qf6 4. Nc4 fxe4 5. Nc3 Qf7 6. Ne3 Nf6 7. Bc4 Qg6 8.
d3 c6 9. dxe4 Nxe4 10. Bd3 Bb4 11. f3 d5 12. O-O Bxc3 13. bxc3 O-O 14. fxe4
Rxf1+ 15. Nxf1 dxe4 16. Bc4+ Be6 17. Qd8+ Kf7 18. Qc7+ Nd7 19. Qxd7+ {
cayest resigns} 1-0

[Event "ICS rated blitz match"]
[Site "204.178.125.65"]
[Date "1999.11.16"]
[Round "?"]
[White "cayest"]
[Black "Hossa"]
[Result "0-1"]
[WhiteElo "2219"]
[BlackElo "2364"]
[PlyCount "54"]
[EventDate "1999.??.??"]

1. e4 c5 2. Nf3 e6 3. d4 cxd4 4. Nxd4 a6 5. a4 d5 6. e5 Nc6 7. Nxc6 bxc6 8. a5
Rb8 9. c3 Ne7 10. Bd3 c5 11. O-O Nc6 12. Qa4 Bd7 13. Bxa6 Nb4 14. Qxd7+ Qxd7
15. cxb4 Rxb4 16. Bd2 Rxb2 17. Na3 c4 18. Rfb1 Bxa3 19. Rxb2 Bxb2 20. Rb1 Qa4
21. h3 Qc2 22. Bb5+ Kf8 23. Bb4+ Kg8 24. Rf1 Qb3 25. a6 Qxb4 26. Bc6 Qb6 27.
Bb7 27... c3 {cayest resigns} 0-1

[Event "ICS rated blitz match"]
[Site "204.178.125.65"]
[Date "1999.11.16"]
[Round "?"]
[White "Hossa"]
[Black "cayest"]
[Result "1-0"]
[WhiteElo "2374"]
[BlackElo "2209"]
[PlyCount "31"]
[EventDate "1999.??.??"]

1. e4 e5 2. Nf3 f5 3. Nxe5 Qf6 4. Nc4 fxe4 5. Nc3 Qf7 6. Ne3 c6 7. d3 d5 8.
dxe4 dxe4 9. Nxe4 Nf6 10. Bc4 Qg6 11. Nd6+ Bxd6 12. Qxd6 b5 13. Qe5+ Kd8 14.
Bd2 Bd7 15. Ba5+ Kc8 16. Qc7# {cayest checkmated} 1-0

[Event "ICS rated blitz match"]
[Site "204.178.125.65"]
[Date "1999.11.16"]
[Round "?"]
[White "cayest"]
[Black "Hossa"]
[Result "0-1"]
[WhiteElo "2200"]
[BlackElo "2383"]
[PlyCount "80"]
[EventDate "1999.??.??"]

1. e4 c5 2. Nf3 e6 3. c3 Nf6 4. e5 Nd5 5. d4 cxd4 6. cxd4 b6 7. Nc3 Nxc3 8.
bxc3 d5 9. Bd3 Be7 10. O-O Nc6 11. h3 Bd7 12. a4 Rc8 13. Ba3 Bxa3 14. Rxa3 O-O
15. Qb1 g6 16. Qe1 Qe7 17. Ra1 f6 18. Qe3 fxe5 19. dxe5 Qg7 20. c4 Rxf3 21.
Qxf3 Nxe5 22. Qe2 Nxd3 23. Qxd3 Rxc4 24. Rfc1 Bxa4 25. Qf1 Bb5 26. Rxc4 Bxc4
27. Qe1 e5 28. f4 e4 29. Rc1 Qd4+ 30. Kh2 Qf6 31. g3 Qb2+ 32. Kg1 a6 33. Rd1
Qa3 34. Kh2 a5 35. Qf2 e3 36. Qc2 e2 37. Re1 Qf3 38. Qd2 Qf2+ 39. Kh1 d4 40.
Qxd4 40... Qxd4 {cayest resigns} 0-1

[Event "ICS rated blitz match"]
[Site "204.178.125.65"]
[Date "1999.11.16"]
[Round "?"]
[White "Hossa"]
[Black "cayest"]
[Result "1-0"]
[WhiteElo "2391"]
[BlackElo "2192"]
[PlyCount "57"]
[EventDate "1999.??.??"]

1. e4 e5 2. Nf3 f5 3. Nxe5 Qf6 4. Nc4 fxe4 5. Nc3 Qf7 6. Ne3 Nf6 7. Bc4 Qg6 8.
d3 Bb4 9. O-O Bxc3 10. bxc3 b5 11. Bxb5 c6 12. Ba4 O-O 13. Ba3 Re8 14. d4 d5
15. c4 Nh5 16. cxd5 Nf4 17. Kh1 Ba6 18. Re1 Nd7 19. Bxc6 Nf6 20. c3 Nd3 21. Rf1
Rac8 22. Qa4 Rxc6 23. dxc6 Bc8 24. Qxa7 Ng4 25. Nxg4 Bxg4 26. Qb7 Be2 27. c7
Bf3 28. gxf3 exf3 29. Qxf3 {cayest resigns} 1-0

[Event "ICS rated blitz match"]
[Site "204.178.125.65"]
[Date "1999.11.16"]
[Round "?"]
[White "cayest"]
[Black "Hossa"]
[Result "0-1"]
[WhiteElo "2184"]
[BlackElo "2399"]
[PlyCount "92"]
[EventDate "1999.??.??"]

1. Nf3 d5 2. d4 Nf6 3. c4 e6 4. Nc3 Be7 5. g3 Nbd7 6. b3 Ne4 7. Bb2 Bb4 8. Rc1
c6 9. e3 Qa5 10. Qc2 Qxa2 11. Bd3 Ndf6 12. O-O Bxc3 13. Bxc3 Qxc2 14. Rxc2 Nxc3
15. Rxc3 a5 16. Ne5 h5 17. h4 Ng4 18. e4 Nxe5 19. dxe5 d4 20. Rcc1 c5 21. f4 f6
22. exf6 gxf6 23. f5 Ke7 24. Kh2 Bd7 25. fxe6 Bxe6 26. Rf4 Bg4 27. Rcf1 Rhf8
28. R1f2 Ke6 29. Be2 Bxe2 30. Rxe2 a4 31. Rb2 a3 32. Ra2 Rh8 33. Rf5 b6 34. Kg2
Rh7 35. Kf3 Raa7 36. Kf4 Ke7 37. e5 fxe5+ 38. Kxe5 Kd8 39. Rf8+ Kd7 40. Raf2
Re7+ 41. Kd5 a2 42. Rb8 a1=Q 43. Rxb6 Qe1 44. Rd6+ Kc7 45. Rf5 Qe4+ 46. Kxc5
46... Ra5+ {cayest resigns} 0-1

[Event "ICS rated blitz match"]
[Site "204.178.125.65"]
[Date "1999.11.16"]
[Round "?"]
[White "ulysse"]
[Black "Hossa"]
[Result "0-1"]
[WhiteElo "2082"]
[BlackElo "2413"]
[PlyCount "47"]
[EventDate "1999.??.??"]

1. e4 c5 2. Nf3 e6 3. d4 cxd4 4. Nxd4 a6 5. Bd3 Nf6 6. O-O d6 7. c4 Nc6 8. Nc2
Ne5 9. Be2 Nxe4 10. Be3 d5 11. f4 Nxc4 12. Bxc4 dxc4 13. Qf3 Nd6 14. Rd1 Be7
15. Nd2 Qc7 16. Bd4 O-O 17. Be5 f6 18. Bc3 Qc5+ 19. Bd4 Qd5 20. Qxd5 exd5 21.
Nb4 Be6 22. Re1 Nb5 23. Rxe6 Bxb4 24. Bc3 {ulysse resigns} 0-1

[Event "ICS rated blitz match"]
[Site "204.178.125.65"]
[Date "1999.11.16"]
[Round "?"]
[White "Hossa"]
[Black "ulysse"]
[Result "1-0"]
[WhiteElo "2417"]
[BlackElo "2078"]
[PlyCount "71"]
[EventDate "1999.??.??"]

1. e4 e5 2. Nf3 Nc6 3. Bb5 a6 4. Ba4 Nf6 5. O-O Nxe4 6. d4 b5 7. Bb3 d5 8. dxe5
Be6 9. Be3 Be7 10. a4 b4 11. Qd3 O-O 12. Rd1 Na5 13. Bxd5 Bxd5 14. Qxd5 Qxd5
15. Rxd5 c5 16. Nbd2 Nxd2 17. Nxd2 Rfd8 18. Rxd8+ Rxd8 19. f4 f6 20. e6 f5 21.
Re1 g6 22. Kf1 Kg7 23. Re2 Kf6 24. Bf2 Nc6 25. Bh4+ Kg7 26. Bxe7 Nxe7 27. Kf2
Kf6 28. Nb3 c4 29. Nc5 a5 30. Nd7+ Kg7 31. Re5 Nc6 32. Rd5 Re8 33. Nc5 Kf6 34.
Rd7 Nd8 35. Rxh7 Nxe6 36. Nd7# {ulysse checkmated} 1-0

[Event "ICS rated blitz match"]
[Site "204.178.125.65"]
[Date "1999.11.16"]
[Round "?"]
[White "Hossa"]
[Black "SharpShooter"]
[Result "1-0"]
[WhiteElo "2421"]
[BlackElo "2677"]
[PlyCount "74"]
[EventDate "1999.??.??"]

1. e4 e5 2. Nf3 Nc6 3. Bb5 a6 4. Ba4 Nf6 5. O-O Be7 6. Re1 b5 7. Bb3 d6 8. c3
O-O 9. h3 Bb7 10. d4 Re8 11. Nbd2 Bf8 12. a4 exd4 13. cxd4 Na5 14. Bc2 b4 15.
b3 g6 16. Bb2 Nh5 17. Rc1 Qf6 18. e5 Qf4 19. Bb1 Rac8 20. Ne4 f5 21. g3 Qh6 22.
Neg5 Bd5 23. Bc2 Be7 24. h4 f4 25. g4 Ng7 26. Ne4 Ne6 27. Nf6+ Bxf6 28. exf6 c6
29. Be4 Bxb3 30. Qd2 c5 31. dxc5 dxc5 32. Qd6 Nc4 33. Qd3 Ba2 34. Rxc4 Rcd8 35.
Bd5 Kf8 36. f7 Re7 37. Bf6 37... Rxf7 {SharpShooter resigns} 1-0